Normal view
MARC view
- عمايره، موسى محمد، م. مشارك ياسر سعيد الناطور
Entry Personal Name
001 - CONTROL NUMBER
- control field: 60662
003 - CONTROL NUMBER IDENTIFIER
- control field: JO-AjAnu
005 - DATE AND TIME OF LATEST TRANSACTION
- control field: 20230606083920.0
008 - FIXED-LENGTH DATA ELEMENTS
- fixed length control field: 230606|| aca||aabn | a|a d
040 ## - CATALOGING SOURCE
- Original cataloging agency: JO-AjAnu
- Transcribing agency: JO-AjAnu
100 ## - HEADING--PERSONAL NAME
- Personal name: عمايره، موسى محمد، م. مشارك ياسر سعيد الناطور
670 ## - SOURCE DATA FOUND
- Source citation: Work cat.: (JO-AjAnu)30935: عمايره، موسى محمد، م. مشارك ياسر سعيد الناطور, author, مقدمه في اضطرابات التواصل = Introduction to Communcation Disorders